[Event "FRA-chT2 East 0809"]
[Site "France"]
[Date "2009.03.15"]
[Round "9.4"]
[White "Debray, Francois"]
[Black "Furrer, Marc"]
[Result "1/2-1/2"]
[WhiteElo "2132"]
[BlackElo "2132"]
[PlyCount "57"]
[EventDate "2008.10.19"]
[EventType "team-tourn"]
[EventRounds "11"]
[EventCountry "FRA"]
[SourceTitle "EXT 2010"]
[Source "ChessBase"]
[SourceDate "2010.11.25"]
[SourceVersion "1"]
[SourceVersionDate "2010.11.25"]
[SourceQuality "1"]
[WhiteTeam "Grenoble"]
[BlackTeam "Mulhouse IV"]
[WhiteTeamCountry "FRA"]
[BlackTeamCountry "FRA"]

1. e4 d5 2. Nc3 dxe4 3. Nxe4 Bf5 4. Ng3 Bg6 5. d4 e5 6. Nf3 exd4 7. Nxd4 Bc5 8. Be3 Ne7 9. c3 Nd7 10. Bd3 Nd5 11. Bxg6 hxg6 12. Qf3 Nxe3 13. Qxe3+ Qe7 14. Qxe7+ Bxe7 15. Nb5 Kd8 16. 0-0-0 a6 17. Nd4 c5 18. Nf3 Kc7 19. Rhe1 Rae8 20. Kc2 f5 21. Re6 Bf6 22. Rxe8 Rxe8 23. Re1 Rxe1 24. Nxe1 Nf8 25. c4 Ne6 26. Ne2 b5 27. b3 Kb6 28. Kd3 b4 29. Nc2 1/2-1/2

[Event "FRA-chT2 East 0809"]
[Site "France"]
[Date "2008.12.14"]
[Round "4.2"]
[White "Debray, Francois"]
[Black "Ivanov, Jordan"]
[Result "0-1"]
[WhiteElo "2135"]
[BlackElo "2428"]
[PlyCount "52"]
[EventDate "2008.10.19"]
[EventType "team-tourn"]
[EventRounds "11"]
[EventCountry "FRA"]
[SourceTitle "EXT 2010"]
[Source "ChessBase"]
[SourceDate "2010.11.25"]
[SourceVersion "1"]
[SourceVersionDate "2010.11.25"]
[SourceQuality "1"]
[WhiteTeam "Grenoble"]
[BlackTeam "Montrevel en Bresse"]
[WhiteTeamCountry "FRA"]
[BlackTeamCountry "FRA"]

1. d4 d5 2. c4 dxc4 3. Nf3 Nf6 4. e3 e6 5. Bxc4 c5 6. 0-0 a6 7. Bb3 Nc6 8. Re1 Be7 9. a4 0-0 10. Nc3 Qc7 11. Qe2 Rd8 12. Rd1 b6 13. h3 Bb7 14. dxc5 Rxd1+ 15. Bxd1 Bxc5 16. Bc2 Rd8 17. Ne4 Be7 18. Qc4 Nd5 19. Bd2 Ncb4 20. Qxc7 Nxc7 21. Bxb4 Bxb4 22. Ne5 f6 23. Nc4 b5 24. axb5 axb5 25. Ra7 Bxe4 26. Bxe4 bxc4 0-1

[Event "Val Thorens op 34th"]
[Site "Val Thorens"]
[Date "2008.07.24"]
[Round "6"]
[White "Fahys, Bertrand"]
[Black "Debray, Francois"]
[Result "0-1"]
[WhiteElo "1433"]
[BlackElo "2127"]
[PlyCount "58"]
[EventDate "2008.07.19"]
[EventType "swiss"]
[EventRounds "9"]
[EventCountry "FRA"]
[SourceTitle "EXT 2009"]
[Source "ChessBase"]
[SourceDate "2008.11.26"]
[SourceVersion "1"]
[SourceVersionDate "2008.11.26"]
[SourceQuality "1"]

1. Nf3 g6 2. g3 Bg7 3. d4 Nf6 4. Bg2 0-0 5. 0-0 d6 6. Bg5 c6 7. Qc1 Qb6 8. c3 Nbd7 9. Nbd2 h6 10. Bxf6 Nxf6 11. e4 Qc7 12. e5 Nd5 13. exd6 exd6 14. Ne1 Bf5 15. Nc2 Nb6 16. Ne4 Rfe8 17. Qf4 Nd5 18. Qxd6 Bxe4 19. Qxc7 Nxc7 20. Bxe4 Rxe4 21. Rfe1 Rae8 22. Rxe4 Rxe4 23. Re1 Rxe1+ 24. Nxe1 Nd5 25. f3 Kf8 26. Kf2 Ke8 27. Ke2 Kd7 28. Nd3 b6 29. c4 Ne7 0-1

[Event "FRA-chT2 East 0708"]
[Site "France"]
[Date "2008.04.06"]
[Round "11.7"]
[White "Baujard, Anne"]
[Black "Debray, Francois"]
[Result "1/2-1/2"]
[WhiteElo "1922"]
[BlackElo "2136"]
[PlyCount "84"]
[EventDate "2007.10.21"]
[EventType "team"]
[EventRounds "11"]
[EventCountry "FRA"]
[SourceTitle "EXT 2009"]
[Source "ChessBase"]
[SourceDate "2008.11.26"]
[SourceVersion "1"]
[SourceVersionDate "2008.11.26"]
[SourceQuality "1"]
[WhiteTeam "Epinal"]
[BlackTeam "Grenoble"]
[WhiteTeamCountry "FRA"]
[BlackTeamCountry "FRA"]

1. c4 g6 2. g3 Bg7 3. Bg2 d6 4. Nc3 e5 5. e3 Nc6 6. Nge2 Be6 7. d3 Qd7 8. Nd5 f5 9. 0-0 Nf6 10. Nec3 0-0 11. Bd2 Nh5 12. Ne2 Nd8 13. Rc1 c6 14. Ndc3 Bf7 15. b3 Ne6 16. Rc2 g5 17. d4 Qe7 18. d5 Nd8 19. dxc6 bxc6 20. f4 Bg6 21. Bc1 gxf4 22. gxf4 Rc8 23. Rd2 Nf7 24. Ba3 Rfd8 25. Na4 Nf6 26. h3 exf4 27. exf4 Ne4 28. Rd3 Bh5 29. Bf3 Bxf3 30. Rfxf3 Qh4 31. Qf1 Re8 32. Rd1 Re6 33. Bb4 Rg6+ 34. Kh2 Re8 35. Be1 Qh5 36. Ng3 Nxg3 37. Bxg3 Rge6 38. Nc3 Nh6 39. Kg1 Nf7 40. Bh2 Re3 41. Rxe3 Rxe3 42. Rd3 Re7 1/2-1/2

[Event "FRA-chT2 East 0708"]
[Site "France"]
[Date "2008.04.05"]
[Round "10.6"]
[White "Debray, Francois"]
[Black "Klipper, Rebecca"]
[Result "1-0"]
[WhiteElo "2136"]
[BlackElo "2061"]
[PlyCount "119"]
[EventDate "2007.10.21"]
[EventType "team"]
[EventRounds "11"]
[EventCountry "FRA"]
[SourceTitle "EXT 2009"]
[Source "ChessBase"]
[SourceDate "2008.11.26"]
[SourceVersion "1"]
[SourceVersionDate "2008.11.26"]
[SourceQuality "1"]
[WhiteTeam "Grenoble"]
[BlackTeam "Vandoeuvre II"]
[WhiteTeamCountry "FRA"]
[BlackTeamCountry "FRA"]

1. e4 c5 2. Nf3 g6 3. d4 Bg7 4. d5 Qa5+ 5. c3 d6 6. Nbd2 Nd7 7. Nc4 Qc7 8. a4 b6 9. Bf4 Bb7 10. Bd3 Ngf6 11. h3 a6 12. Qe2 0-0 13. 0-0 b5 14. axb5 axb5 15. Na3 c4 16. Bc2 Nh5 17. Bd2 Ba6 18. g4 Nhf6 19. Nd4 b4 20. Nab5 Bxb5 21. Nxb5 Qc5 22. Nd4 b3 23. Rxa8 Rxa8 24. Bb1 Nb8 25. Be3 Qc8 26. Kg2 e5 27. Nf3 Ra1 28. Nd2 Ra4 29. f4 Nfd7 30. f5 f6 31. g5 gxf5 32. Rxf5 fxg5 33. Bxg5 Nf8 34. Qg4 Ra7 35. h4 Kh8 36. h5 h6 37. Be3 Rf7 38. Qf3 Rxf5 39. exf5 Nh7 40. Qe4 Nf6 41. Qxc4 Qb7 42. Qxb3 Qxb3 43. Nxb3 Ne4 44. Bd2 Nf6 45. Na5 Nxh5 46. b4 Nf4+ 47. Kf3 Nxd5 48. c4 Nb6 49. Be3 N6d7 50. Nb7 Bf8 51. Nd8 h5 52. Ne6 Be7 53. b5 Kg8 54. Nc7 Bd8 55. Na6 Kf7 56. Nxb8 Nxb8 57. Ke4 h4 58. Kd5 h3 59. Kxd6 Be7+ 60. Kc7 1-0

[Event "FRA-chT2 East 0708"]
[Site "France"]
[Date "2008.03.16"]
[Round "9.2"]
[White "Varoquier, Romain"]
[Black "Debray, Francois"]
[Result "1/2-1/2"]
[WhiteElo "2068"]
[BlackElo "2137"]
[PlyCount "49"]
[EventDate "2007.10.21"]
[EventType "team"]
[EventRounds "11"]
[EventCountry "FRA"]
[SourceTitle "EXT 2009"]
[Source "ChessBase"]
[SourceDate "2008.11.26"]
[SourceVersion "1"]
[SourceVersionDate "2008.11.26"]
[SourceQuality "1"]
[WhiteTeam "Reims"]
[BlackTeam "Grenoble"]
[WhiteTeamCountry "FRA"]
[BlackTeamCountry "FRA"]

1. e4 Nf6 2. Nc3 e5 3. Nf3 Nc6 4. Bb5 Bd6 5. 0-0 0-0 6. d3 h6 7. a3 Re8 8. Ne2 a6 9. Bc4 b5 10. Ba2 Bf8 11. Ng3 d5 12. h3 Be6 13. Be3 Qd7 14. Nh2 dxe4 15. dxe4 Bxa2 16. Qxd7 Nxd7 17. Rxa2 Nf6 18. Rd1 Rad8 19. Raa1 g6 20. Ng4 Nxg4 21. hxg4 Kg7 22. Nf1 Kf6 23. c3 Rxd1 24. Rxd1 Rd8 25. Rxd8 1/2-1/2

[Event "FRA-chT2 South 0607"]
[Site "France"]
[Date "2007.03.31"]
[Round "10.7"]
[White "Debray, Francois"]
[Black "Cwiek, Perrine"]
[Result "1-0"]
[WhiteElo "2180"]
[BlackElo "1678"]
[PlyCount "41"]
[EventDate "2006.10.15"]
[EventType "team"]
[EventRounds "11"]
[EventCountry "FRA"]
[SourceTitle "EXT 2008"]
[Source "ChessBase"]
[SourceDate "2007.11.25"]
[SourceVersion "1"]
[SourceVersionDate "2007.11.25"]
[SourceQuality "1"]
[WhiteTeam "Grenoble"]
[BlackTeam "Tournefeuille"]
[WhiteTeamCountry "FRA"]
[BlackTeamCountry "FRA"]

1. e4 e5 2. d4 exd4 3. Qxd4 Nc6 4. Qe3 Nf6 5. Nc3 d6 6. Bd2 Be6 7. 0-0-0 Qd7 8. Nd5 Be7 9. Bc3 Ng4 10. Qe1 Rg8 11. h3 Nf6 12. f4 0-0-0 13. Bb5 Qe8 14. g4 Bd7 15. g5 Nxd5 16. exd5 Nb8 17. Bd3 g6 18. Qe3 a6 19. Re1 Bf8 20. Qf2 Be7 21. Bf6 1-0

[Event "FRA-chT2 South 0607"]
[Site "France"]
[Date "2007.01.20"]
[Round "5.3"]
[White "Andonov, Bogomil"]
[Black "Debray, Francois"]
[Result "1-0"]
[WhiteElo "2379"]
[BlackElo "2180"]
[PlyCount "135"]
[EventDate "2006.10.15"]
[EventType "team"]
[EventRounds "11"]
[EventCountry "FRA"]
[SourceTitle "EXT 2008"]
[Source "ChessBase"]
[SourceDate "2007.11.25"]
[SourceVersion "1"]
[SourceVersionDate "2007.11.25"]
[SourceQuality "1"]
[WhiteTeam "Grasse"]
[BlackTeam "Grenoble"]
[WhiteTeamCountry "FRA"]
[BlackTeamCountry "FRA"]

1. Nf3 Nf6 2. c4 g6 3. Nc3 Bg7 4. e4 d6 5. d4 0-0 6. h3 e5 7. dxe5 dxe5 8. Be3 Nbd7 9. c5 Qe7 10. Rc1 c6 11. b4 b6 12. Qa4 b5 13. Qa5 Qd8 14. Qxd8 Rxd8 15. Be2 a5 16. a3 axb4 17. axb4 Ra3 18. 0-0 Rb3 19. Rfd1 Re8 20. Rd6 Rxc3 21. Rxc3 Nxe4 22. Ra3 Nxd6 23. cxd6 Nf8 24. Ra7 Bd7 25. Nd2 Re6 26. Bc5 e4 27. Bg4 f5 28. Bd1 Re8 29. Bb3+ Kh8 30. Bf7 Rb8 31. Nb3 Be5 32. Nd4 Rc8 33. g3 Kg7 34. Be6 Nxe6 35. Nxe6+ Kf6 36. Rxd7 Kxe6 37. Re7+ Kf6 38. Rxh7 Rd8 39. Rc7 Bxd6 40. Rxc6 Ke6 41. Rb6 Kd5 42. Rxb5 Kc4 43. Rb6 Bxc5 44. bxc5 Kxc5 45. Rxg6 Kd4 46. Ra6 Kd5 47. Ra5+ Ke6 48. Ra6+ Ke5 49. Ra5+ Kf6 50. Kf1 Rh8 51. Kg2 Rd8 52. Kf1 Rh8 53. Kg2 Rd8 54. Ra2 Rd3 55. Re2 Kg5 56. Re3 Rd1 57. g4 Kf4 58. gxf5 Kxf5 59. h4 Rd7 60. h5 Rh7 61. Rh3 Kg5 62. Kg3 Rh6 63. Rh1 Rh8 64. h6 Rxh6 65. Rxh6 Kxh6 66. Kf4 Kg6 67. Kxe4 Kf6 68. Kf4 1-0

[Event "FRA-chT2C 0506"]
[Site "France"]
[Date "2005.11.19"]
[Round "2.4"]
[White "Sanz Perez, Eduardo"]
[Black "Debray, Francois"]
[Result "1/2-1/2"]
[WhiteElo "2174"]
[BlackElo "2165"]
[PlyCount "66"]
[EventDate "2005.10.27"]
[EventType "team"]
[EventRounds "11"]
[EventCountry "FRA"]
[SourceTitle "EXT 2006"]
[Source "ChessBase"]
[SourceDate "2005.11.24"]
[SourceVersion "1"]
[SourceVersionDate "2005.11.24"]
[SourceQuality "1"]

1. e4 Nf6 2. Nc3 e5 3. f4 d5 4. fxe5 Nxe4 5. Nf3 c5 6. Bd3 Nxc3 7. bxc3 Be7 8. 0-0 Be6 9. Rb1 b6 10. Bb5+ Nd7 11. Qe2 0-0 12. c4 Qc7 13. Bb2 d4 14. Rbe1 a6 15. Ba4 Rab8 16. Bb3 b5 17. cxb5 c4 18. bxa6 d3 19. cxd3 cxb3 20. axb3 Rxb3 21. Bd4 Bc5 22. Rc1 Bxd4+ 23. Nxd4 Qb6 24. Qe3 Rb4 25. Nc6 Qxe3+ 26. dxe3 Ra4 27. a7 Re8 28. Ra1 Rxa1 29. Rxa1 Nb6 30. Rb1 Na8 31. Rb8 Kf8 32. e4 Rc8 33. d4 Bd7 1/2-1/2

[Event "FRA-chT2 0405"]
[Site "France"]
[Date "2005.04.03"]
[Round "11.8"]
[White "Pagnoncelli, Herve"]
[Black "Debray, Francois"]
[Result "0-1"]
[WhiteElo "1950"]
[BlackElo "2134"]
[PlyCount "60"]
[EventDate "2004.10.10"]
[EventType "team"]
[EventRounds "11"]
[EventCountry "FRA"]
[SourceTitle "EXT 2006"]
[Source "ChessBase"]
[SourceDate "2005.11.24"]
[SourceVersion "1"]
[SourceVersionDate "2005.11.24"]
[SourceQuality "1"]

1. d4 Nf6 2. c4 g6 3. Nc3 Bg7 4. e4 d6 5. f4 0-0 6. Nf3 c5 7. d5 e6 8. Be2 exd5 9. e5 dxe5 10. fxe5 Ng4 11. Bg5 Qa5 12. cxd5 Nxe5 13. 0-0 Qb4 14. Nxe5 Bxe5 15. Qc1 Nd7 16. Kh1 Nb6 17. Be7 Re8 18. d6 Bd7 19. Bf3 Rxe7 20. dxe7 Qh4 21. g3 Qxe7 22. Nd5 Qd6 23. Qd1 Bd4 24. Nc3 Bc6 25. Ne4 Qe5 26. Re1 Qf5 27. Qe2 Nc4 28. Rad1 Ne3 29. Rxd4 cxd4 30. Qd3 Qxf3+ 0-1

[Event "FRA-chT2 0405"]
[Site "France"]
[Date "2005.02.06"]
[Round "7.5"]
[White "Debray, Francois"]
[Black "Grollemund, Bertrand"]
[Result "1/2-1/2"]
[WhiteElo "2134"]
[BlackElo "2138"]
[PlyCount "57"]
[EventDate "2004.10.10"]
[EventType "team"]
[EventRounds "11"]
[EventCountry "FRA"]
[SourceTitle "EXT 2006"]
[Source "ChessBase"]
[SourceDate "2005.11.24"]
[SourceVersion "1"]
[SourceVersionDate "2005.11.24"]
[SourceQuality "1"]
[WhiteTeam "Grenoble"]
[BlackTeam "Montpellier  II"]
[WhiteTeamCountry "FRA"]
[BlackTeamCountry "FRA"]

1. e4 c5 2. Nf3 Nc6 3. d4 cxd4 4. Nxd4 Nf6 5. Nc3 e5 6. Ndb5 d6 7. Nd5 Nxd5 8. exd5 Nb8 9. c4 Be7 10. Be2 0-0 11. 0-0 a6 12. Nc3 Nd7 13. Be3 f5 14. f3 Bg5 15. Qd2 Bxe3+ 16. Qxe3 a5 17. Nb5 Nc5 18. f4 Re8 19. Rae1 Qb6 20. Bd1 Bd7 21. Nxd6 Qxd6 22. fxe5 Qc7 23. e6 Nxe6 24. dxe6 Rxe6 25. Qc3 Qc5+ 26. Kh1 Rae8 27. Rxe6 Rxe6 28. Bf3 Bc6 29. Bxc6 1/2-1/2

[Event "FRA-chT2 0405"]
[Site "France"]
[Date "2004.12.05"]
[Round "4.3"]
[White "Bollengier, Andreea"]
[Black "Debray, Francois"]
[Result "1-0"]
[WhiteElo "2253"]
[BlackElo "2134"]
[PlyCount "77"]
[EventDate "2004.10.10"]
[EventType "team"]
[EventRounds "11"]
[EventCountry "FRA"]
[SourceTitle "EXT 2006"]
[Source "ChessBase"]
[SourceDate "2005.11.24"]
[SourceVersion "1"]
[SourceVersionDate "2005.11.24"]
[SourceQuality "1"]

1. e4 d5 2. exd5 Nf6 3. Bb5+ Bd7 4. Bc4 Bg4 5. f3 Bf5 6. Nc3 Nbd7 7. g4 Nb6 8. Bb3 Bc8 9. d4 Nfxd5 10. Nxd5 Nxd5 11. c4 Nb6 12. Be3 e6 13. Qd2 a5 14. a3 a4 15. Ba2 Be7 16. 0-0-0 Qd6 17. Kb1 Qc6 18. Qe2 h5 19. gxh5 Rxh5 20. f4 Qxh1 21. Nf3 Rxh2 22. Nxh2 Qe4+ 23. Ka1 Qh7 24. Ng4 Bd7 25. Ne5 Rd8 26. Qg2 Bc8 27. Rh1 Qg8 28. Rh3 Bf6 29. Ng4 Ke7 30. d5 Nd7 31. Bd2 Bd4 32. Qe4 Bc5 33. f5 Nf6 34. Bg5 c6 35. Qe5 Bd6 36. Qc3 exd5 37. Re3+ Kf8 38. Nxf6 gxf6 39. Bh6+ 1-0